Statistics for Mystery Geography Fact No 5

Click here to take the quiz!

General Stats

  • This quiz has been taken 19 times
  • The average score is 1 of 8

Answer Stats

Answer% Correct
Country
89%
China
21%
Shares
5%
More
5%
Than
5%
Any
5%
Borders
0%
Other
0%

Score Distribution

Percentile by Number Answered

Percent of People with Each Score

Your Score History

You have not taken this quiz